Émissions TV par images n°2 - Statistiques

Statistiques générales
  • Ce quiz a été pris 350 fois
  • Le résultat moyen est 11 sur 16
Statistiques - réponses
Par images Réponse % Correct
Fort boyard
99%
Super nanny
85%
Top chef
85%
Camping paradis
84%
N'oubliez pas les paroles
84%
Joséphine ange gardien
83%
Pascal le grand frère
76%
Un gars une fille
76%
Star academy
75%
4 mariages pour 1 lune de miel
68%
Le juste prix
67%
Questions pour un champion
59%
Plus belle la vie
56%
Affaire conclue
52%
Mentalist
45%
Ça commence aujourd'hui
44%
Aucun quiz correspondant
Distribution des résultats
% des personnes avec chaque résultat
Percentile par nombre de réponses
Votre historique - résultats
Vous n’avez pas pris ce quiz